000 00339 a2200157 4500
001 151075
040 _cEscola São Tomás de Aquino
100 _aBANDEIRA, Pedro
240 1 0 _aMalasaventuras
_lpor
245 1 0 _aMalasaventuras
300 _a64
362 0 _a2003
440 1 _aModerna
697 _a*LITERATURA JUVENIL
942 _cBK
999 _c151075
_d151075